| 000 | 00666nam a2200193 u 4500 | ||
|---|---|---|---|
| 005 | 20210223131017.0 | ||
| 008 | 090604s2006 ea r 000 0 spa d | ||
| 020 | _a3822850403 | ||
| 035 | _aUPN01000170999 | ||
| 049 | _aC | ||
| 050 | 4 |
_aQM33 _bD8.3 |
|
| 100 | 1 | _aDüring, Monica v. | |
| 245 | 1 | 0 |
_aEncyclopaedia anatomica : _bcollezione di cere anatomiche = colección de figuras anatómicas de cera = coleccao de ceras anatómicas / _cMonica v. Düring, Marta Poggesi. |
| 260 |
_aCologne [Sin.] : _bTaschen, _c2006. |
||
| 300 |
_a574 p. : _bil. col. |
||
| 650 | 4 |
_aANATOMIA HUMANA - _vENCICLOPEDIAS _914781 |
|
| 700 | 1 |
_aPoggesi, Marta, _ecoaut. |
|
| 905 | _aLibro | ||
| 999 |
_c143104 _d143104 |
||